000 00665nam a2200241Ia 4500
003 OSt
005 20221006143053.0
006 a|||||r|||| 00| 0
007 ta
008 221006b |||||||| |||| 00| 0 eng d
020 _cY800
024 _a7,964
037 _bGift, Japan Foundation
_cTextual
040 _aEASL
_cEASL
_beng
041 _2eng
_aeng
082 _aX.42.N7, L5
245 0 _aOECD economic surverys
_b Japan
260 _aParis
_bOrganization for Economic Co-operation and Development
_c1975
300 _a72p.
_ccm.
490 _v JEL
942 _hX.42.N7, L5
_cTEXL
_2CC
999 _c1076050
_d1076050